000 00377nam a22001577a 4500
003 NUST
020 _a9780981166056
038 _aKhadija
082 _a621.815
_bADD
100 _aAddison, Abe Montgomery
_983657
245 _aMechanical Engineering /
_cAbe Montgomery Addison
300 _a264 p. ;
_b24 cm.
500 _aHardcover.
563 _aHardcover
942 _cBK
_2ddc
999 _c32905
_d32905